Landskap of Sweden Quiz Stats

 Plays Quiz not verified by Sporcle

Also try: Africa 6 to 1
Challenge
Share
Tweet
Score 0/25 Timer 07:00
0 Plays Today
% Correct
Skåne
96.3%
Gotland
96.3%
Lappland
91%
Småland
88.8%
Öland
88.8%
Norrbotten
87.3%
Dalarna
85.8%
Blekinge
85.8%
Uppland
85.1%
Västerbotten
83.6%
Halland
82.1%
Värmland
81.3%
Södermanland
80.6%
% Correct
Jämtland
79.1%
Västergötland
79.1%
Bohuslän
78.4%
Östergötland
77.6%
Närke
73.9%
Medelpad
72.4%
Ångermanland
69.4%
Västmanland
67.2%
Härjedalen
66.4%
Gästrikland
66.4%
Dalsland
65.7%
Hälsingland
61.9%

You're not logged in!

Compare scores with friends on all Sporcle quizzes.
OR
Log In

You Might Also Like...

Show Comments

Extras

Created Jan 7, 2016ReportNominate
Tags:sweden

Top Quizzes Today


Score Distribution

Your Account Isn't Verified!

In order to create a playlist on Sporcle, you need to verify the email address you used during registration. Go to your Sporcle Settings to finish the process.

Report this User

Report this user for behavior that violates our Community Guidelines.

Details: